Welcome to the Holygrace Academy Library

Please use search bar below to get started

VIKRAMADHITHYANKATHAKAL (Record no. 1261)

MARC details
000 -LEADER
fixed length control field 00344nam a22001457a 4500
020 ## - INTERNATIONAL STANDARD BOOK NUMBER
ISBN 978-9382776-64-2
082 ## - DEWEY DECIMAL CLASSIFICATION NUMBER
Classification number 894.812.3
Item number RAJ/V
100 ## - MAIN ENTRY--AUTHOR NAME
Personal name RAJAN M K
245 ## - TITLE STATEMENT
Title VIKRAMADHITHYANKATHAKAL
250 ## - EDITION STATEMENT
Edition statement 25
260 ## - PUBLICATION, DISTRIBUTION, ETC. (IMPRINT)
Place of publication THRISSUR
Name of publisher H&C PUBLISHING HOUSE
Year of publication 2013
300 ## - PHYSICAL DESCRIPTION
Number of Pages 160
650 ## - SUBJECT ADDED ENTRY--TOPICAL TERM
Topical Term MALAYALAM SHORT STORIES
Geographic subdivision KERALA
942 ## - ADDED ENTRY ELEMENTS (KOHA)
Koha item type Books
Holdings
Withdrawn status Lost status Collection code Home library Current library Shelving location Date acquired Source of acquisition Cost, normal purchase price Full call number Accession Number Koha item type
    Fiction Main Library Main Library SHELF-6D- MALAYALAM SHORT STORIES 05/03/2014 PURCHASE 20.00 894.812.3 RAJ/V 07654 Books